<?xml version="1.0" encoding="UTF-8"?>
<record
    xmlns:xsi="http://www.w3.org/2001/XMLSchema-instance"
    xsi:schemaLocation="http://www.loc.gov/MARC21/slim http://www.loc.gov/standards/marcxml/schema/MARC21slim.xsd"
    xmlns="http://www.loc.gov/MARC21/slim">

  <leader>01554nam a22003017a 4500</leader>
  <controlfield tag="003">OSt</controlfield>
  <controlfield tag="005">20230421104507.0</controlfield>
  <controlfield tag="008">221006b        |||||||| |||| 00| 0 eng d</controlfield>
  <datafield tag="040" ind1=" " ind2=" ">
    <subfield code="c">Biblioteca Lado V</subfield>
  </datafield>
  <datafield tag="082" ind1=" " ind2=" ">
    <subfield code="a">794.816.6</subfield>
    <subfield code="b">V632a</subfield>
  </datafield>
  <datafield tag="100" ind1=" " ind2=" ">
    <subfield code="9">804</subfield>
    <subfield code="a">Vicente, Jose Luis de</subfield>
    <subfield code="e">editor</subfield>
  </datafield>
  <datafield tag="245" ind1=" " ind2=" ">
    <subfield code="a">Mediateca Expandida/</subfield>
    <subfield code="b">Habitar/</subfield>
  </datafield>
  <datafield tag="260" ind1=" " ind2=" ">
    <subfield code="b">Centro de Arte y Creaci&#xF3;n Industrial</subfield>
    <subfield code="b">cajAstur</subfield>
    <subfield code="b">Ministerio de Industria, Turismo y Comercio</subfield>
    <subfield code="c">2010</subfield>
    <subfield code="a">Espa&#xF1;a</subfield>
  </datafield>
  <datafield tag="300" ind1=" " ind2=" ">
    <subfield code="c">17x23cm</subfield>
    <subfield code="a">138p.</subfield>
  </datafield>
  <datafield tag="490" ind1=" " ind2=" ">
    <subfield code="a">03</subfield>
    <subfield code="v">2010</subfield>
    <subfield code="x">1889-965X</subfield>
  </datafield>
  <datafield tag="505" ind1=" " ind2=" ">
    <subfield code="a">Un futuro Urbano</subfield>
  </datafield>
  <datafield tag="505" ind1=" " ind2=" ">
    <subfield code="a">Nuevos escenarios urbanos emergentes</subfield>
  </datafield>
  <datafield tag="505" ind1=" " ind2=" ">
    <subfield code="a">LABoral y la arquitectura</subfield>
  </datafield>
  <datafield tag="505" ind1=" " ind2=" ">
    <subfield code="a">Ensayos</subfield>
    <subfield code="g">El cambio de los paradigmas

Redibujar

Software Urbano

La construcci&#xF3;n de una ciudad

Notas sobre el dise&#xF1;o

La ciudad colmada de dones

Instant&#xE1;neas de una ficticia

Fluir, habitar, pensar</subfield>
  </datafield>
  <datafield tag="505" ind1=" " ind2=" ">
    <subfield code="a">Proyectos</subfield>
    <subfield code="g">Pedro Miguel Cruz

SENSEable City Lab

SENSEable cITY Lab

Rocarols/ Soriano/Tornabell

Nerea Calvillo

Dan Hill

Timo Arnall

Julian Bleecker

Semiconductor

kawamura-ganjavian

Mark Shepard

IaaC

Philippe Rahm architectes

Angel Borrego - OSS

Citilab - Cornella

</subfield>
  </datafield>
  <datafield tag="505" ind1=" " ind2=" ">
    <subfield code="a">Biografias</subfield>
  </datafield>
  <datafield tag="505" ind1=" " ind2=" ">
    <subfield code="a">Creditos</subfield>
  </datafield>
  <datafield tag="650" ind1=" " ind2=" ">
    <subfield code="2">Tesauro de Arte &amp; Arquitectura</subfield>
    <subfield code="a">ARTE</subfield>
    <subfield code="9">703</subfield>
  </datafield>
  <datafield tag="650" ind1=" " ind2=" ">
    <subfield code="2">Tesauro de Arte &amp; Arquitectura</subfield>
    <subfield code="a">VIDEO JUEGOS</subfield>
  </datafield>
  <datafield tag="650" ind1=" " ind2=" ">
    <subfield code="2">Tesauro de Arte &amp; Arquitectura</subfield>
    <subfield code="a">MUSICA</subfield>
  </datafield>
  <datafield tag="650" ind1=" " ind2=" ">
    <subfield code="2">Tesauro de Arte &amp; Arquitectura</subfield>
    <subfield code="a">ARTE DIGITAL</subfield>
  </datafield>
  <datafield tag="942" ind1=" " ind2=" ">
    <subfield code="2">ddc</subfield>
    <subfield code="c">1</subfield>
    <subfield code="h">794.816.6</subfield>
    <subfield code="i">V632a</subfield>
    <subfield code="n">0</subfield>
  </datafield>
  <datafield tag="999" ind1=" " ind2=" ">
    <subfield code="c">3420</subfield>
    <subfield code="d">3420</subfield>
  </datafield>
  <datafield tag="952" ind1=" " ind2=" ">
    <subfield code="0">0</subfield>
    <subfield code="1">0</subfield>
    <subfield code="2">ddc</subfield>
    <subfield code="3">2010</subfield>
    <subfield code="4">0</subfield>
    <subfield code="7">0</subfield>
    <subfield code="8">Revistas</subfield>
    <subfield code="a">LV</subfield>
    <subfield code="b">LV</subfield>
    <subfield code="d">2023-04-21</subfield>
    <subfield code="h">03</subfield>
    <subfield code="i">003141</subfield>
    <subfield code="l">0</subfield>
    <subfield code="o">794.816.6 V632a</subfield>
    <subfield code="p">003141</subfield>
    <subfield code="r">2023-04-21 00:00:00</subfield>
    <subfield code="w">2023-04-21</subfield>
    <subfield code="y">1</subfield>
  </datafield>
</record>
